000 00670nam a2200205Ii 4500
003 JO-AjNU
008 230605s9999||||xx |||||||||||||| ||und||
040 _aJO-AjNU
_bara
_erda
_cJO-AjNU
041 _aara
050 1 4 _aK1700.2008
100 3 _a إسماعيل ، محمد أحمد ,
_eauthor
_932324
245 0 0 _aالقانون الاجتماعي تشريعات التعاون
250 _aط1
264 3 1 _aد ، م : د ، ن ، 2008
300 _a272ص
336 _atext
_btxt
_2rdacontent
337 _aunmediated
_bn
_2rdamedia
338 _avolume
_bnc
_2rdacarrier
650 4 _aالتأمين الاجتماعي -- قوانين وتشريعات
_932325
999 _aA13036
_c16604
_d16604